000 00551nam a22002057a 4500
003 UA-OsUOA
001 10716
007 ta
008 20050202b un ||||| |||| 00| 0 ukr d
100 _aІсіченко І.
942 _cSA
040 _aUA-OsUOA
_bukr
_cUA-OsUOA
_dUA-OsUOA
245 _aМолитовний дискурс у літературі Київської Русі
300 _aС.5 - 14
955 _a0
041 _aukr
044 _aUA
773 0 _w0
650 7 _aУкраїнське літературознавство
_2UDC
999 _c296877
_d296877